000 00676nam a2200217Ia 4500
003 GCL
008 140319s9999 xx 000 0 ara d
040 _aGCL /
_cGCL
082 0 4 _aق
_b320.962
_bع ش
100 1 _aعزيز خانكى
245 1 0 _aشئون مصرية /
_cعزيز خانكى
490 _aالهيئة العامة للاستعلامات
_v0
650 0 4 _aمصر
650 0 4 _aالتعليم - مصر
650 0 4 _aمصر - السياسة الاقتصادية
650 0 4 _aمصر - السياسة والحكومة
650 0 4 _aمصر - الزراعة
650 0 4 _aمصر - الاقتصاد
650 0 4 _aمصر - القضاء
942 _2ddc
_cBK
999 _c49891
_d49891